00443nam a22001577a 4500003000500000005001700005008004100022020001800063040000600081082001900087100002200106245006800128260004000196300001300236650003600249CEME20210628203614.0210121b xxu||||| |||| 00| 0 eng d a81-307-0611-3 c. a320.473071 MUN aMunro, William .B aThe government of the united states, national, state, and local aNEW DELHIbCOSMO PUBLICATIONSc2007 aIX,794 P aGOVERNMENT OF THE UNITED STATES